| 000 | 00352 a2200097 4500 | ||
|---|---|---|---|
| 999 |
_c21463 _d21463 |
||
| 003 | WA 310 | ||
| 005 | 20230220143031.0 | ||
| 008 | 230220b xxu||||| |||| 00| 0 pol d | ||
| 040 | _cWA 310 | ||
| 245 | 0 | 0 |
_aOdbiorniki radiofoniczne - Pakowanie, przechowywanie i transport PN-74/T-06251 ark.04 / _cMin. Przem. Maszynowego. |
| 246 | 1 | 3 | _aPN-74/T-06251 ark.04 |
| 246 | 1 | 3 | _a621.396.62.001.4 |
| 260 |
_aWarszawa : _bMin. Przem. Maszynowego, _c1974. |
||
| 300 |
_a1 stron ; _c30 cm. |
||
| 650 | _aPolska norma | ||
| 942 |
_2ddc _cBK |
||